000 00335nam a2200133Ia 4500
008 210210b1977 xxu||||| |||| 00| 0 eng d
082 _a152.44 MAUP
100 _aMAURUS (J).
245 _aPower of pleasant feelings.
260 _aAllahabad
_bBetter yourself books
_c1977
300 _a143
690 _aPsychology
906 _aSG01478
999 _c112988
_d112988